| 000 | 00893nam a2200265 a 4500 | ||
|---|---|---|---|
| 001 | 26299 | ||
| 003 | CO-ViMGA | ||
| 008 | 141112s2004 ck r 000 u spa d | ||
| 015 | _ack - 2008 - xxxx | ||
| 020 | _a9789583030567 | ||
| 040 |
_aCO-ViMGA _bspa _cCO-ViMGA |
||
| 041 | _aspa | ||
| 082 | 0 | 4 | _aI305.8974152 |
| 100 | 1 |
_aMatthews, Rupert, 1961 - _941073 |
|
| 245 | 1 | 0 |
_aNo te gustaría ser un adivino maya! / _cRupert Matthes ; ilustrado por David Antram ; creado y diseñado por David Salariya ; [traducción, Yolanda Enciso Patiño] |
| 250 | _a1a. ed. | ||
| 260 |
_aBogotá : _bPanAméricana, _c2008 |
||
| 300 | _a32 p. : il. ; 25 cm | ||
| 490 | _aNo te gustaria ser - - | ||
| 598 | _aNEW - GRAL, HISTORICAL | ||
| 650 | 1 | 4 |
_aMayas - Historia - Literatura juvenil _941074 |
| 700 | 1 |
_aAntram, David, 1958 - , ilustrador il. _941075 |
|
| 917 | _a5777 20081001 | ||
| 942 |
_2ddc _cBK |
||
| 999 |
_c6845 _d6845 |
||